Central Library OPAC University of Rajshahi

East Pakistan factory manual / (Record no. 3012)

MARC details
000 -LEADER
fixed length control field 00801nam a2200265u 4500
001 - CONTROL NUMBER
control field 3012
003 - CONTROL NUMBER IDENTIFIER
rucl marc code BD-RjUL
005 - DATE AND TIME OF LATEST TRANSACTION
control field 20211208233646.0
008 - FIXED-LENGTH DATA ELEMENTS--GENERAL INFORMATION
fixed length control field 131217s1963 pk k 000 0 eng
035 ## - SYSTEM CONTROL NUMBER
System control number (BD-RjUL)3046
040 ## - CATALOGING SOURCE
Original cataloging agency DLC
Transcribing agency CarP
Modifying agency DLC
Language of cataloging eng
041 ## - LANGUAGE CODE
Language code of text/sound track or separate title eng
082 ## - DEWEY DECIMAL CLASSIFICATION NUMBER
Classification number 344.549201
Author mark and year SHE 1963
100 ## - MAIN ENTRY--PERSONAL NAME
Personal name Shafi, M.
9 (RLIN) 9576
245 00 - TITLE STATEMENT
Title East Pakistan factory manual /
Statement of responsibility, etc. by M. Shafi ; East Pakistan.
260 ## - PUBLICATION, DISTRIBUTION, ETC. (IMPRINT)
Place of publication, distribution, etc. Karachi :
Name of publisher, distributor, etc. Bureau of Labour Publications,
Date of publication, distribution, etc. 1963.
300 ## - PHYSICAL DESCRIPTION
Pagination 177 p. :
Illustrations ill. ;
Size 20 cm.
526 ## - STUDY PROGRAM INFORMATION NOTE
Requested Dept. Sociology
650 #0 - SUBJECT ADDED ENTRY--TOPICAL TERM
Topical term or geographic name as entry element Labor laws and legislation
Geographic subdivision Bangladesh.
9 (RLIN) 9594
Topical term or geographic name as entry element Factory laws and legislation
Geographic subdivision Bangladesh.
9 (RLIN) 9595
710 ## - ADDED ENTRY--CORPORATE NAME
Corporate name or jurisdiction name as entry element East Pakistan.
9 (RLIN) 111902
942 ## - ADDED ENTRY ELEMENTS (KOHA)
Source of classification or shelving scheme Dewey Decimal Classification
Koha item type Books
Holdings
Lost status Source of classification or shelving scheme Damaged status Not for loan Collection code Permanent Location Current Location Shelving location Date acquired Total Checkouts Full call number Date last seen Copy number Koha item type Source of acquisition Cost, normal purchase price
  Dewey Decimal Classification     Non-fiction Central Library, University of Rajshahi Central Library, University of Rajshahi   09/02/1988   344.549201 SHE 1963 17/12/2013 C-2 Books    
  Dewey Decimal Classification     Non-fiction Central Library, University of Rajshahi Central Library, University of Rajshahi   07/10/1968   344.549201 SHE 1963 22/09/2016 C-3 Books bureau of lab.pub. 8.00